000 00331nam a2200145Ia 4500
100 _aRappaport/Theodore S
250 _a2
942 _cBK
654 _awireless
245 _aWireless communication:Principles and practice
260 _bTata Mc Graw hill
_c2002
082 _a621.382
_bRAP
300 _a707
546 _aENGLISH
999 _c23580
_d23580